书目信息 |
| 题名: |
音响系统
|
|
| 作者: | 蔡明介 编译 | |
| 分册: | ||
| 出版信息: | 香港 全华科技图书公司 198? |
|
| 页数: | 237页 | |
| 开本: | 20cm | |
| 丛书名: | ||
| 单 册: | ||
| 中图分类: | TN912.27 , TN912.1 | |
| 科图分类: | ||
| 主题词: | 高保真度-立体声技术 , 立体声技术-高保真度 , 电声技术 , 语音数据处理 | |
| 电子资源: | ||
| ISBN: | ||
| 000 | 00727nam0 2200277 45 | |
| 001 | 0185020374 | |
| 005 | 20040517084739.6 | |
| 010 | @dCNY1.10 | |
| 100 | @a19900921d198? em y0chiy0121 ea | |
| 101 | 1 | @achi@cjpn |
| 102 | @aCN@b110000 | |
| 105 | @ay z 000yy | |
| 106 | @ar | |
| 200 | 10 | @a音响系统@AYin Xiang Xi Tong@f蔡明介编译@FCai Ming Jie Bian Yi |
| 210 | @a香港@c全华科技图书公司@d198? | |
| 215 | @a237页@d20cm | |
| 606 | @a高保真度-立体声技术 | |
| 606 | @a立体声技术-高保真度 | |
| 606 | 0 | @a电声技术 |
| 606 | 0 | @a语音数据处理 |
| 690 | @aTN912.27@v3 | |
| 690 | @aTN912.1 | |
| 701 | 0 | @a蔡明介@4编译 |
| 801 | 0 | @aCN@b深圳图书馆@c20040517 |
| 801 | 2 | @aCN@bNLC@c20040517 |
| 905 | @f1@b73786@dTN912.1@e7 | |
| 音响系统/蔡明介编译.-香港:全华科技图书公司,198? |
| 237页;20cm |
| ISBN :CNY1.10 |
| ● |
| 相关链接 |
|
|
|
|
正题名:音响系统
索取号:TN912.1/7
 
预约/预借
| 序号 | 登录号 | 条形码 | 馆藏地/架位号 | 状态 | 备注 |
| 1 | 0073786 | 001323623 | 第三借阅区/ [索取号:TN912.1/7] | 在馆 | |
| 2 | 0073787 | 001323589 | 第二样本阅览室/ [索取号:TN912.1/7] | 在馆 |